Les 10 noms les plus donnés aux chats en 2023 - Statistiques

Statistiques générales
  • Ce quiz a été pris 141 fois
  • Le résultat moyen est 2 sur 10
Statistiques - réponses
Hint Réponse % Correct
3 Simba
52%
2 Nala
40%
4 Tigrou
37%
9 Mimi
33%
5 Minette
23%
10 Cookie
18%
7 Plume
12%
1 Ulysse
7%
8 Luna
6%
6 Uno
3%
Aucun quiz correspondant
Distribution des résultats
% des personnes avec chaque résultat
Percentile par nombre de réponses
Votre historique - résultats
Vous n’avez pas pris ce quiz